| 000 | 00997nam a22002537a 4500 | ||
|---|---|---|---|
| 001 | 4987 | ||
| 003 | FISKH | ||
| 005 | 20250815123104.0 | ||
| 008 | 241030b cb ||||| |||| 00| 0 eng d | ||
| 020 | _a9780545548830 | ||
| 040 |
_aFISKH _beng _cFISKH _dFISKH |
||
| 050 | _aQL793.R66 | ||
| 082 | _a591.973 | ||
| 100 | _aRoop, Peter | ||
| 245 |
_aTales of Famous Animals / _cPeter and Connie Roop : illustrated by Zachary Pullen |
||
| 250 | _aFirst Scholstic paperback printing, January 2013 | ||
| 260 |
_aNew York : _bScholastic ; _c2012 . |
||
| 300 |
_a110 pages : _bcolor illustrations ; _c28 cm . |
||
| 520 | _aLearn about the incredible accomplishments of famous animals. All throughout history, there have been remarkable stories of bravery and heroics -- and some of those tales aren't just about humans. Come meet the animals who made their mark on the past. | ||
| 650 |
_ahistory _vnon-fiction |
||
| 700 |
_aPullen, Zachary _eillustrator |
||
| 942 |
_2ddc _cBK _n0 |
||
| 999 |
_c4987 _d4987 |
||